La vuelta al mundo de un forro polar rojo : pequeña historia de la gran globalización /

Saved in:
Bibliographic Details
Main Author: Korn, Wolfagang (autor)
Format: Book
Language:Español
Published: Madrid, España : Siruela, 2013, c2013
Series:(Las Tres Edades. Nos Gusta Saber ; 8)
Subjects:
Tags: Add Tag
No Tags, Be the first to tag this record!

MARC

LEADER 00000nam^a2200000^a^4500
001 000390783
005 20250521000000.0
009 20260310121157.127
020 |a 978-84-15937-75-3 
037 |a Acervo ITESO - Biblioteca 
041 |a ESP 
082 |a 808. 899282  |b TRE NOS V. 8 
100 |a Korn, Wolfagang  |e (autor) 
245 1 3 |a La vuelta al mundo de un forro polar rojo :  |b pequeña historia de la gran globalización /  |c W. Korn ; il. de Birgit Jansen ; tr. por María Condor. 
264 4 |a Madrid, España :  |b Siruela,  |c 2013, c2013 
300 |a 135 p. 
336 |a texto  |b txt  |2 rdacontenido 
337 |a sin mediación  |b n  |2 rdamedio 
338 |a volumen  |b nc  |2 rdasoporte 
440 5 |a (Las Tres Edades.  |p Nos Gusta Saber ;  |v 8) 
500 |a Traducción de: Die Weltreise einer Fleeceweste 
649 |a XX 
650 |a Cuentos Alemanes 
650 |a Literatura Alemana -  |y Siglo XXI 
650 |a Literatura Juvenil -  |z Alemania 
650 |a Chalecos -  |x Tema Principal 
650 |a Petróleo -  |z Dubai, Emiratos Arabes Unidos 
650 |a Huelgas y Paros -  |z Bangladesh 
650 |a Industria Textil -  |z Bangladesh 
650 |a Contenedores (Transporte) -  |z Europa 
650 |a Pesca -  |z Africa Occidental 
650 |a Esclavitud -  |z Africa Occidental 
650 |a Agua -  |x Abastecimiento -  |z Tenerife, España 
650 |a Globalización -  |x Tema Principal 
650 |a Ciencia -  |x Difusión 
650 |a Política Internacional 
910 |a Fondo General 
920 |a Impresos - Libros 
930 |a Colección General 
940 |a Literatura 
905 |a 101 
901 |a 0500285748  |b IT1  |c LIT  |i C153799  |u 20250521 
902 |a https://opac.biblio.iteso.mx/vufind/Record/000390783